| 000 | 00780nam1a22002411 4500 | ||
|---|---|---|---|
| 001 | rc\2989449 | ||
| 005 | 20260621155317.0 | ||
| 035 | _a(NLR Aleph) 007133627 | ||
| 090 |
_a13732386 _c13732386 |
||
| 100 | _a20041025d1941 |||y0rusy50 ca | ||
| 101 | 0 |
_arus _aest |
|
| 102 | _aEE | ||
| 105 | _ay j ||||y | ||
| 200 | 1 |
_aЖивая речь _eУчебник рус. яз. для эст. школ _fГ. Алексеев и Л. Махони |
|
| 210 |
_aТаллин _cПед. лит. _d1941 |
||
| 215 | _d20 см | ||
| 700 | 1 |
_aАлексеев _bГ. М. _gГеоргий Михайлович |
|
| 701 | 1 |
_aМахони _bЛ. А. _gЛидия Августовна |
|
| 801 | 0 |
_aRU _bNLR _gpsbo |
|
| 801 | 1 |
_aRU _bELAR _2rusmarc |
|
| 852 |
_aNLR _jЯ60 Г-3/13(2) |
||
| 942 | _cBOOK | ||
| 980 | _aNB | ||